| 000 | 01209nam a22001817a 4500 | ||
|---|---|---|---|
| 008 | 170608b xxu||||| |||| 00| 0 eng d | ||
| 020 | _a9780340983539 | ||
| 050 | _aRG526.O295 | ||
| 245 |
_aObstetrics by ten teachers. / _cedited by Philip N. Baker and Louise C. Kenny. |
||
| 250 | _a19th ed. | ||
| 260 |
_aLondon: _bTayor & Francis Group, _c2011. |
||
| 300 |
_axiv, 319p.: _bill.; _c25cm. |
||
| 500 | _aIncludes index | ||
| 505 | _aContents: Obstetrics history taking and examination -- Modern maternity care -- Physiological changes in pregnancy -- Normal fetal development and growth -- Antenatal care -- Antenatal imaging and assessment of fetal well-being -- Prenatal diagnosis -- Antenatal obstetric complications -- Twins and higher multiple gestations -- Pre-eclampsia and other disorders of placentation -- Late miscarriage and early birth -- Medical diseases complicating pregnancy -- Perinatal infections -- Labour -- Operative intervention in obstetrics -- Obstetric emergencies -- The Puerperium -- Psychiatric disorders and the puerperium -- Neonatology -- Ethical and medicolegal issues in obstetric practice. | ||
| 700 | _aBaker, Philip N. | ||
| 700 | _aKenny, Louise C. | ||
| 942 |
_2lcc _cBK |
||
| 999 |
_c6374 _d13874 |
||